[Event "80th ch-2013"]
[Site "Joao Pessoa BRA"]
[Date "2013.12.13"]
[Round "1.1"]
[White "Umetsubo, C."]
[Black "Santiago, Y."]
[Result "1-0"]
[WhiteElo "2279"]
[BlackElo "2450"]
[PlyCount "93"]
[EventDate "2013.12.13"]
[EventType "tourn"]
[EventRounds "11"]
[EventCountry "BRA"]
[EventCategory "7"]

1. d4 Nf6 2. Nf3 g6 3. Bf4 d5 4. e3 Bg7 5. Be2 O-O 6. O-O Nh5 7. Bg5 f6 8. Bh4
Bh6 9. c4 g5 10. Bg3 Nxg3 11. hxg3 dxc4 12. Bxc4+ Kh8 13. Nc3 Nd7 14. Rc1 Nb6
15. Bb3 c6 16. Kh2 g4 17. Ne1 Qe8 18. Rh1 e5 19. Kg1 Kg7 20. dxe5 fxe5 21. Qd6
Bg5 22. Nd3 Bf5 23. Nc5 Rd8 24. Ne6+ Bxe6 25. Qxe6 Qxe6 26. Bxe6 Be7 27. Ne4
Nd5 28. Bxg4 Nf6 29. Bf5 h6 30. Nc5 Bxc5 31. Rxc5 Rd1+ 32. Kh2 Rd2 33. f3 Nd5
34. Rc2 Rxc2 35. Bxc2 Nxe3 36. Bb3 Kf6 37. Kg1 Kg7 38. Kf2 Nf5 39. Bc2 Nd4 40.
Be4 c5 41. Rh5 Re8 42. g4 b5 43. g5 Re6 44. gxh6+ Rxh6 45. Rxe5 Ra6 46. Rxc5
Rxa2 47. Ke3 1-0

[Event "80th ch-2013"]
[Site "Joao Pessoa BRA"]
[Date "2013.12.13"]
[Round "1.2"]
[White "Jatoba de Oliveira Reis, P."]
[Black "Cavalcanti, F."]
[Result "1-0"]
[WhiteElo "2394"]
[BlackElo "2294"]
[PlyCount "139"]
[EventDate "2013.12.13"]
[EventType "tourn"]
[EventRounds "11"]
[EventCountry "BRA"]
[EventCategory "7"]

1. c4 Nf6 2. g3 g6 3. Bg2 Bg7 4. Nc3 O-O 5. e4 d6 6. Nge2 Nbd7 7. O-O e5 8. d3
a5 9. h3 Qe7 10. Be3 Re8 11. Qd2 c6 12. Kh2 Nh5 13. Rae1 Nf8 14. d4 exd4 15.
Bxd4 Nf6 16. f4 Ne6 17. Bf2 Nd7 18. Rd1 Bf8 19. Rfe1 a4 20. Nd4 Nec5 21. Qc2
Qf6 22. Nf3 Qg7 23. g4 f6 24. b4 axb3 25. axb3 Ne6 26. Bg3 Qh6 27. Qc1 Be7 28.
Ne2 Nec5 29. f5 Qxc1 30. Nxc1 Ne5 31. Nxe5 dxe5 32. b4 Na6 33. b5 Nb4 34. Rd2
Ra3 35. Red1 Rc3 36. Bf1 Bc5 37. Na2 Nxa2 38. Rxa2 Bd4 39. Bd3 Kf8 40. Kg2 Ke7
41. Be1 Rb3 42. Bc2 Rb2 43. Rxb2 Bxb2 44. Bb4+ Kf7 45. bxc6 bxc6 46. Ba4 Bd4
47. Bxc6 Rh8 48. Bd6 h5 49. Bd5+ Kg7 50. Rb1 Ba6 51. Be6 hxg4 52. hxg4 gxf5 53.
gxf5 Rh4 54. Bd5 Rg4+ 55. Kh3 Rf4 56. Rb3 Rf1 57. Ra3 Rh1+ 58. Kg2 Ra1 59. Rxa1
Bxa1 60. c5 Bb5 61. c6 Bxc6 62. Bxc6 Bc3 63. Kf3 Bd2 64. Ke2 Bc1 65. Kd3 Bg5
66. Kc4 Bh4 67. Kd5 Bg3 68. Ke6 Bh4 69. Ke7 Bg5 70. Ke8 1-0

[Event "80th ch-2013"]
[Site "Joao Pessoa BRA"]
[Date "2013.12.13"]
[Round "1.3"]
[White "Di Berardino, D."]
[Black "Leitao, R."]
[Result "1/2-1/2"]
[WhiteElo "2494"]
[BlackElo "2636"]
[PlyCount "90"]
[EventDate "2013.12.13"]
[EventType "tourn"]
[EventRounds "11"]
[EventCountry "BRA"]
[EventCategory "7"]

1. e4 c5 2. Nf3 d6 3. d4 cxd4 4. Nxd4 Nf6 5. Nc3 a6 6. Be3 e5 7. Nb3 Be6 8. Be2
Be7 9. Nd5 Nxd5 10. exd5 Bf5 11. Qd2 Bg6 12. O-O O-O 13. a4 Nd7 14. a5 h6 15.
c4 Rc8 16. Rac1 e4 17. Qb4 Qc7 18. Rfd1 Nc5 19. Bf4 Bg5 20. Bxg5 hxg5 21. Nxc5
dxc5 22. Qd2 Qe5 23. b4 e3 24. Qxe3 Qxe3 25. fxe3 cxb4 26. Bd3 Bxd3 27. Rxd3
Rc5 28. Rb3 b5 29. axb6 a5 30. d6 Rb8 31. d7 Kf8 32. e4 Ke7 33. Rd1 Rd8 34.
Rbd3 Rc6 35. b7 Rb6 36. c5 Rxb7 37. c6 Rc7 38. Rc1 a4 39. Rc4 b3 40. Rxa4 Rxc6
41. Rb4 Rxd7 42. Rxd7+ Kxd7 43. Rxb3 Ke6 44. Kf2 Rc2+ 45. Kg3 Ke5 1/2-1/2

[Event "80th ch-2013"]
[Site "Joao Pessoa BRA"]
[Date "2013.12.13"]
[Round "1.4"]
[White "Molina, Rob"]
[Black "Brito, L."]
[Result "1-0"]
[WhiteElo "2424"]
[BlackElo "2276"]
[PlyCount "69"]
[EventDate "2013.12.13"]
[EventType "tourn"]
[EventRounds "11"]
[EventCountry "BRA"]
[EventCategory "7"]

1. e4 c5 2. Nf3 e6 3. d4 cxd4 4. Nxd4 a6 5. c4 Nc6 6. Nc3 d6 7. Be3 Nf6 8. Be2
Be7 9. O-O O-O 10. Kh1 Bd7 11. Nc2 Qc7 12. Rc1 Rfc8 13. f4 Rab8 14. b4 b6 15.
Bd3 Bf8 16. Qe2 Qd8 17. Bd2 Be8 18. Rfd1 Qc7 19. a3 g6 20. Be3 Bg7 21. Ne1 Qe7
22. Nf3 Rd8 23. e5 dxe5 24. fxe5 Ng4 25. Bg5 f6 26. exf6 Bxf6 27. Bf4 Rbc8 28.
Ne4 h6 29. h3 Be5 30. Nxe5 Ngxe5 31. Bxh6 Nd4 32. Qf2 Qf7 33. Nf6+ Kh8 34. Bg5
Nf5 35. Bxf5 1-0

[Event "80th ch-2013"]
[Site "Joao Pessoa BRA"]
[Date "2013.12.13"]
[Round "1.5"]
[White "Mekhitarian, K."]
[Black "Toth, Chr"]
[Result "1-0"]
[WhiteElo "2566"]
[BlackElo "2365"]
[PlyCount "93"]
[EventDate "2013.12.13"]
[EventType "tourn"]
[EventRounds "11"]
[EventCountry "BRA"]
[EventCategory "7"]

1. d4 Nf6 2. c4 c5 3. d5 b5 4. cxb5 a6 5. bxa6 g6 6. Nc3 Bxa6 7. e4 d6 8. g3
Bxf1 9. Kxf1 Bg7 10. Kg2 O-O 11. Nf3 Nbd7 12. a4 Qa5 13. Bd2 Rfb8 14. Nb5 Qd8
15. Qc2 Ne8 16. Rab1 Rc8 17. Rhc1 Nb6 18. a5 Nd7 19. Qc4 Nef6 20. h3 h5 21. Re1
Ne8 22. Rec1 Nef6 23. Re1 Ne8 24. b3 Nef6 25. Rbc1 Ne8 26. Re2 Nef6 27. Be1 Ne8
28. Rec2 Bh6 29. Rd1 Bg7 30. Rdc1 Nef6 31. Bd2 Rcb8 32. Na3 Rxa5 33. Bxa5 Qxa5
34. Qa4 Qd8 35. Nc4 Ra8 36. Qc6 Rc8 37. Qa4 Ra8 38. Qc6 Rc8 39. Qb5 Rb8 40. Qa5
Qxa5 41. Nxa5 Nxe4 42. Nc6 Rxb3 43. Re1 f5 44. Nxe7+ Kf7 45. Nc8 Ndf6 46. Nd2
Bf8 47. Nxb3 1-0

[Event "80th ch-2013"]
[Site "Joao Pessoa BRA"]
[Date "2013.12.13"]
[Round "1.6"]
[White "Barbosa, Ev"]
[Black "Macedo, Maximo Iack Miranda"]
[Result "1-0"]
[WhiteElo "2461"]
[BlackElo "2369"]
[PlyCount "62"]
[EventDate "2013.12.13"]
[EventType "tourn"]
[EventRounds "11"]
[EventCountry "BRA"]
[EventCategory "7"]

1. e4 e5 2. Nf3 Nc6 3. Nc3 Nf6 4. Bb5 Bb4 5. O-O O-O 6. d3 d6 7. Bg5 Bxc3 8.
bxc3 Ne7 9. Nh4 c6 10. Bc4 d5 11. Bb3 Be6 12. f4 Nd7 13. f5 f6 14. fxe6 fxg5
15. Qg4 Nf6 16. Qxg5 Qd6 17. Nf5 Nxf5 18. Rxf5 Rae8 19. exd5 Nxd5 20. Rxe5 Qc5+
21. Kh1 Qxc3 22. Rae1 Ne7 23. h3 Rf6 24. Qe3 Ref8 25. Kh2 Rf2 26. Rg5 R8f6 27.
Rc5 Qb4 28. Rc4 Qd6+ 29. Kg1 Qd5 30. Rg4 Qa5 31. Re4 R6f4 1-0

[Event "80th ch-2013"]
[Site "Joao Pessoa BRA"]
[Date "2013.12.14"]
[Round "2.1"]
[White "Santiago, Y."]
[Black "Macedo, Maximo Iack Miranda"]
[Result "1/2-1/2"]
[WhiteElo "2450"]
[BlackElo "2369"]
[PlyCount "21"]
[EventDate "2013.12.13"]
[EventType "tourn"]
[EventRounds "11"]
[EventCountry "BRA"]
[EventCategory "7"]

1. Nf3 c5 2. e4 e6 3. d4 cxd4 4. Nxd4 a6 5. g3 Nf6 6. Bg2 Nc6 7. O-O Qc7 8. Nc3
Nxd4 9. Qxd4 Bc5 10. Qd3 d6 11. Be3 1/2-1/2

[Event "80th ch-2013"]
[Site "Joao Pessoa BRA"]
[Date "2013.12.14"]
[Round "2.3"]
[White "Brito, L."]
[Black "Mekhitarian, K."]
[Result "0-1"]
[WhiteElo "2276"]
[BlackElo "2566"]
[PlyCount "92"]
[EventDate "2013.12.13"]
[EventType "tourn"]
[EventRounds "11"]
[EventCountry "BRA"]
[EventCategory "7"]

1. e4 e6 2. Nf3 d5 3. Nc3 d4 4. Ne2 c5 5. c3 Nf6 6. Ng3 h5 7. h4 Ng4 8. cxd4
cxd4 9. Qa4+ Bd7 10. Bb5 Nc6 11. d3 e5 12. Bd2 g6 13. Rc1 Be7 14. Ke2 O-O 15.
Ng5 a6 16. Bxc6 Bxc6 17. Qb3 a5 18. a3 Qd7 19. Nf1 Ra6 20. f3 Nf6 21. Be1 a4
22. Qa2 Bb5 23. Nd2 Rc6 24. Bg3 Bd6 25. Nc4 Bxc4 26. Rxc4 Rxc4 27. dxc4 Qc6 28.
b4 axb3 29. Qxb3 Nd7 30. Rb1 Nc5 31. Qb6 f6 32. Nh3 Ra8 33. Qxc6 bxc6 34. Be1
Rxa3 35. Nf2 Ra2+ 36. Kf1 Bc7 37. Bb4 Ne6 38. Nd3 Kf7 39. Be1 Ra7 40. Rb2 Ke8
41. Ke2 Kd7 42. Bd2 Ra4 43. Rc2 Ba5 44. Bxa5 Rxa5 45. g3 Kd6 46. Rb2 Nc5 0-1

[Event "80th ch-2013"]
[Site "Joao Pessoa BRA"]
[Date "2013.12.14"]
[Round "2.4"]
[White "Leitao, R."]
[Black "Molina, Rob"]
[Result "1-0"]
[WhiteElo "2636"]
[BlackElo "2424"]
[PlyCount "43"]
[EventDate "2013.12.13"]
[EventType "tourn"]
[EventRounds "11"]
[EventCountry "BRA"]
[EventCategory "7"]

1. d4 d5 2. c4 e6 3. Nc3 Be7 4. cxd5 exd5 5. Bf4 c6 6. e3 Bf5 7. Nge2 Nd7 8.
Ng3 Bg6 9. Be2 Nf8 10. h4 Bxh4 11. Qb3 Bxg3 12. Bxg3 Qe7 13. e4 dxe4 14. d5 Nf6
15. O-O-O Rd8 16. dxc6 bxc6 17. Qa4 Qb7 18. Rxd8+ Kxd8 19. Rd1+ N8d7 20. Rd6 e3
21. Ba6 exf2 22. Bxf2 1-0

[Event "80th ch-2013"]
[Site "Joao Pessoa BRA"]
[Date "2013.12.14"]
[Round "2.5"]
[White "Cavalcanti, F."]
[Black "Di Berardino, D."]
[Result "0-1"]
[WhiteElo "2294"]
[BlackElo "2494"]
[PlyCount "62"]
[EventDate "2013.12.13"]
[EventType "tourn"]
[EventRounds "11"]
[EventCountry "BRA"]
[EventCategory "7"]

1. Nf3 c5 2. c4 Nf6 3. Nc3 e6 4. g3 b6 5. Bg2 Bb7 6. O-O Be7 7. b3 O-O 8. Bb2
d6 9. Qc2 Nbd7 10. Rad1 a6 11. d4 cxd4 12. Rxd4 Qc7 13. Qb1 Bc6 14. Rc1 Qb7 15.
Ne1 Bxg2 16. Nxg2 Rfc8 17. Ne4 Rc6 18. Rcd1 Ne8 19. h4 b5 20. Ne3 Ne5 21. f4
Nd7 22. Ba3 Qb6 23. Kg2 Nef6 24. Nf2 Bf8 25. Bc1 Rac8 26. Qa1 d5 27. Bb2 bxc4
28. bxc4 dxc4 29. Neg4 c3 30. Bc1 c2 31. R1d3 Qb1 0-1

[Event "80th ch-2013"]
[Site "Joao Pessoa BRA"]
[Date "2013.12.14"]
[Round "2.6"]
[White "Umetsubo, C."]
[Black "Jatoba de Oliveira Reis, P."]
[Result "1-0"]
[WhiteElo "2279"]
[BlackElo "2394"]
[PlyCount "107"]
[EventDate "2013.12.13"]
[EventType "tourn"]
[EventRounds "11"]
[EventCountry "BRA"]
[EventCategory "7"]

1. e4 e6 2. d4 d5 3. Nd2 Nf6 4. e5 Nfd7 5. Bd3 c5 6. c3 Nc6 7. Ne2 cxd4 8. cxd4
f6 9. exf6 Nxf6 10. Nf3 Bd6 11. O-O Qc7 12. Bg5 O-O 13. Bh4 Nh5 14. Qc2 h6 15.
Bh7+ Kh8 16. Bg6 Rxf3 17. Bxh5 Bxh2+ 18. Kh1 Rf5 19. Bg6 Bd6 20. Bxf5 exf5 21.
Rfe1 Bb4 22. Bg3 Qf7 23. Red1 Bd7 24. a3 Be7 25. b4 Re8 26. Re1 Bf6 27. Qd3 Re4
28. Rad1 Qh5+ 29. Kg1 Qe8 30. Qd2 Qf7 31. f3 Re8 32. b5 Ne7 33. Qa5 b6 34. Qxa7
Nc8 35. Qc7 Bd8 36. Qc2 Be7 37. a4 Bb4 38. Nc3 Be6 39. Qb3 Ba5 40. Re2 f4 41.
Be1 Nd6 42. Bf2 Rc8 43. Rxe6 Qxe6 44. Qxd5 Qg6 45. Ne4 Nf5 46. Qb7 Re8 47. Qc6
Re6 48. Qc1 Ne7 49. d5 Rxe4 50. fxe4 f3 51. g3 Qh5 52. Qf4 Bc3 53. Rd3 Be5 54.
Qxf3 1-0

[Event "80th ch-2013"]
[Site "Joao Pessoa BRA"]
[Date "2013.12.15"]
[Round "3.1"]
[White "Jatoba de Oliveira Reis, P."]
[Black "Santiago, Y."]
[Result "1-0"]
[WhiteElo "2394"]
[BlackElo "2450"]
[PlyCount "71"]
[EventDate "2013.12.13"]
[EventType "tourn"]
[EventRounds "11"]
[EventCountry "BRA"]
[EventCategory "7"]

1. c4 e6 2. g3 d5 3. Bg2 Nf6 4. Nf3 dxc4 5. Qa4+ Nbd7 6. O-O a6 7. Qxc4 b5 8.
Qb3 Bb7 9. d3 c5 10. Nc3 Rc8 11. a4 b4 12. Nd1 Bd5 13. Qc2 c4 14. Ne3 c3 15.
Nxd5 Nxd5 16. a5 Be7 17. bxc3 Nxc3 18. Bb2 O-O 19. d4 Nb8 20. e3 Nb5 21. Qa4
Rc7 22. Ne5 Qc8 23. Nd3 Nc3 24. Qb3 Nd7 25. Nxb4 Ne2+ 26. Kh1 Qb8 27. Qd3 Nxg3+
28. hxg3 Bxb4 29. Rfb1 Qa7 30. Bc1 Bd6 31. Ba3 Bxa3 32. Rxa3 Nf6 33. Rab3 Rfc8
34. Bf3 Nd5 35. Bxd5 exd5 36. Rb6 1-0

[Event "80th ch-2013"]
[Site "Joao Pessoa BRA"]
[Date "2013.12.15"]
[Round "3.2"]
[White "Di Berardino, D."]
[Black "Umetsubo, C."]
[Result "0-1"]
[WhiteElo "2494"]
[BlackElo "2279"]
[PlyCount "100"]
[EventDate "2013.12.13"]
[EventType "tourn"]
[EventRounds "11"]
[EventCountry "BRA"]
[EventCategory "7"]

1. e4 e5 2. Nf3 Nf6 3. Nxe5 d6 4. Nf3 Nxe4 5. d4 d5 6. Bd3 Be7 7. O-O Nc6 8. c4
Nb4 9. Be2 O-O 10. Nc3 Bf5 11. a3 Nxc3 12. bxc3 Nc6 13. Re1 Re8 14. cxd5 Qxd5
15. Bf4 Rac8 16. h3 h6 17. Nd2 Qd7 18. Nc4 Bf6 19. Ne3 Ne7 20. Nxf5 Nxf5 21.
Bg4 g6 22. Bxh6 c5 23. Qf3 cxd4 24. cxd4 Bxd4 25. Red1 Rc4 26. Be3 Re5 27. Rab1
b6 28. Rb4 Rxb4 29. axb4 Qe7 30. Bxd4 Re1+ 31. Kh2 Qd6+ 32. g3 Rxd1 33. Qa8+
Qf8 34. Qxf8+ Kxf8 35. Bxd1 Nxd4 36. h4 b5 37. g4 Nc6 38. Be2 a6 39. Kg3 Nxb4
40. Kf4 Nd5+ 41. Ke5 Nc3 42. Bd3 a5 43. Kd4 b4 44. Kc4 Nd1 45. Kb5 Nxf2 46. Bc2
Nxg4 47. Kxa5 Ne3 48. Be4 f5 49. Bd3 Ng2 50. h5 Nf4 0-1

[Event "80th ch-2013"]
[Site "Joao Pessoa BRA"]
[Date "2013.12.15"]
[Round "3.3"]
[White "Molina, Rob"]
[Black "Cavalcanti, F."]
[Result "1-0"]
[WhiteElo "2424"]
[BlackElo "2294"]
[PlyCount "63"]
[EventDate "2013.12.13"]
[EventType "tourn"]
[EventRounds "11"]
[EventCountry "BRA"]
[EventCategory "7"]

1. d4 Nf6 2. c4 d6 3. Nf3 Nbd7 4. Nc3 e5 5. e4 Be7 6. Be2 O-O 7. O-O Re8 8. Re1
Bf8 9. Bf1 c6 10. d5 a6 11. h3 Rb8 12. Rb1 c5 13. a3 g6 14. b4 Bg7 15. Be3 Rf8
16. Nd2 Ne8 17. Nb3 Qc7 18. bxc5 dxc5 19. a4 Nd6 20. a5 f5 21. f3 fxe4 22. fxe4
Rxf1+ 23. Rxf1 Nxc4 24. d6 Qxd6 25. Qxd6 Nxd6 26. Bxc5 Nc4 27. Nd5 Nxc5 28.
Nxc5 Bf8 29. Nd7 Bxd7 30. Nf6+ Kg7 31. Nxd7 Rd8 32. Nxf8 1-0

[Event "80th ch-2013"]
[Site "Joao Pessoa BRA"]
[Date "2013.12.15"]
[Round "3.4"]
[White "Mekhitarian, K."]
[Black "Leitao, R."]
[Result "1/2-1/2"]
[WhiteElo "2566"]
[BlackElo "2636"]
[PlyCount "30"]
[EventDate "2013.12.13"]
[EventType "tourn"]
[EventRounds "11"]
[EventCountry "BRA"]
[EventCategory "7"]

1. d4 Nf6 2. c4 e6 3. Nf3 b6 4. g3 Bb7 5. Bg2 Bb4+ 6. Bd2 c5 7. Bxb4 cxb4 8.
Nbd2 O-O 9. Qc2 d6 10. O-O Qc7 11. e4 Nbd7 12. Rac1 a5 13. Rfe1 e5 14. Qd3 Rfe8
15. h3 Rad8 1/2-1/2

[Event "80th ch-2013"]
[Site "Joao Pessoa BRA"]
[Date "2013.12.15"]
[Round "3.6"]
[White "Macedo, Maximo Iack Miranda"]
[Black "Toth, Chr"]
[Result "1-0"]
[WhiteElo "2369"]
[BlackElo "2365"]
[PlyCount "103"]
[EventDate "2013.12.13"]
[EventType "tourn"]
[EventRounds "11"]
[EventCountry "BRA"]
[EventCategory "7"]

1. d4 Nf6 2. c4 e6 3. Nf3 b6 4. g3 Bb7 5. Bg2 Bb4+ 6. Bd2 Bxd2+ 7. Nbxd2 O-O 8.
Qc2 c6 9. O-O d5 10. Rfd1 Nbd7 11. e4 Rc8 12. e5 Ne8 13. b4 c5 14. dxc5 bxc5
15. b5 f6 16. Bh3 Nc7 17. cxd5 Bxd5 18. Bg2 fxe5 19. a4 Ne8 20. Re1 Qf6 21. Ne4
Qg6 22. Rac1 Qh5 23. Nfd2 g6 24. h3 Ng7 25. Nc4 Ne8 26. Qc3 Nb6 27. Nxe5 Nxa4
28. Qa1 Nb6 29. Ng4 Rc7 30. Nef6+ Nxf6 31. Nxf6+ Rxf6 32. Qxf6 Rf7 33. Qe5 Rf5
34. Qe2 Qxe2 35. Rxe2 c4 36. Ra2 Rf7 37. f4 Rc7 38. Bf1 Kf7 39. Kf2 Ke7 40. Ke3
Kd6 41. Kd4 g5 42. fxg5 e5+ 43. Ke3 Kc5 44. Rca1 Nc8 45. Ra6 Rb7 46. R6a5 Rg7
47. b6+ Kd6 48. bxa7 Ba8 49. h4 h6 50. Ra6+ Kc5 51. R1a5+ Kb4 52. Ra4+ 1-0

[Event "80th ch-2013"]
[Site "Joao Pessoa BRA"]
[Date "2013.12.15"]
[Round "4.1"]
[White "Santiago, Y."]
[Black "Toth, Chr"]
[Result "1-0"]
[WhiteElo "2450"]
[BlackElo "2365"]
[PlyCount "59"]
[EventDate "2013.12.13"]
[EventType "tourn"]
[EventRounds "11"]
[EventCountry "BRA"]
[EventCategory "7"]

1. d4 Nf6 2. c4 e6 3. Nc3 Bb4 4. e3 O-O 5. Nge2 d5 6. a3 Be7 7. cxd5 exd5 8. g3
b6 9. Bg2 Bb7 10. O-O Re8 11. b4 a6 12. h3 Bd6 13. Qc2 b5 14. f3 Qe7 15. g4 h6
16. Bd2 Nbd7 17. Rfe1 Rad8 18. Nc1 h5 19. g5 Nh7 20. f4 c6 21. e4 Bb8 22. exd5
Qd6 23. Ne4 Qc7 24. d6 Qc8 25. g6 fxg6 26. Qb3+ Kh8 27. Nd3 Ndf8 28. Ne5 Qe6
29. Nf7+ Kg8 30. Nf6+ 1-0

[Event "80th ch-2013"]
[Site "Joao Pessoa BRA"]
[Date "2013.12.15"]
[Round "4.2"]
[White "Brito, L."]
[Black "Macedo, Maximo Iack Miranda"]
[Result "0-1"]
[WhiteElo "2276"]
[BlackElo "2369"]
[PlyCount "78"]
[EventDate "2013.12.13"]
[EventType "tourn"]
[EventRounds "11"]
[EventCountry "BRA"]
[EventCategory "7"]

1. Nc3 d5 2. d4 Nf6 3. Bg5 Nbd7 4. Nf3 g6 5. Qd3 Bg7 6. e4 dxe4 7. Nxe4 O-O 8.
O-O-O c5 9. Nxf6+ Nxf6 10. dxc5 Qc7 11. Qa3 h6 12. Bd2 Ne4 13. Be3 b6 14. c6
Qxc6 15. Nd4 Qf6 16. Bb5 Bb7 17. f3 Nd6 18. Bd3 Rfc8 19. Kb1 Nc4 20. Bxc4 Rxc4
21. c3 b5 22. Qb3 a6 23. Rhe1 Rac8 24. a3 Bd5 25. Qc2 b4 26. axb4 Rxb4 27. Qd2
Ra4 28. Qc2 Ba2+ 29. Kc1 Rac4 30. Ne2 Qc6 31. Rd2 Qb7 32. Bd4 e5 33. Be3 Bb3
34. Qd3 Qb5 35. Kb1 a5 36. Qd7 R4c6 37. Rd6 Qa4 38. Bb6 Qa2+ 39. Kc1 Rxc3+ 0-1

[Event "80th ch-2013"]
[Site "Joao Pessoa BRA"]
[Date "2013.12.15"]
[Round "4.3"]
[White "Leitao, R."]
[Black "Barbosa, Ev"]
[Result "1-0"]
[WhiteElo "2636"]
[BlackElo "2461"]
[PlyCount "59"]
[EventDate "2013.12.13"]
[EventType "tourn"]
[EventRounds "11"]
[EventCountry "BRA"]
[EventCategory "7"]

1. d4 Nf6 2. c4 g6 3. Nc3 d5 4. Bf4 Bg7 5. e3 O-O 6. Qb3 c5 7. cxd5 cxd4 8.
exd4 Nbd7 9. Be2 Nb6 10. Bf3 Bg4 11. Bxg4 Nxg4 12. Nf3 Nf6 13. d6 exd6 14. O-O
Nh5 15. Be3 Rc8 16. Rfe1 Re8 17. a4 a5 18. Bg5 Qc7 19. Rxe8+ Rxe8 20. Rc1 Na8
21. Qb5 Qc6 22. Qxa5 h6 23. Nd5 Qd7 24. Be3 Kh7 25. h3 Nf6 26. Nxf6+ Bxf6 27.
b3 Rc8 28. Rxc8 Qxc8 29. Qd5 Qd7 30. Bf4 1-0

[Event "80th ch-2013"]
[Site "Joao Pessoa BRA"]
[Date "2013.12.15"]
[Round "4.4"]
[White "Cavalcanti, F."]
[Black "Mekhitarian, K."]
[Result "0-1"]
[WhiteElo "2294"]
[BlackElo "2566"]
[PlyCount "102"]
[EventDate "2013.12.13"]
[EventType "tourn"]
[EventRounds "11"]
[EventCountry "BRA"]
[EventCategory "7"]

1. d4 Nf6 2. c4 e6 3. Nf3 Bb4+ 4. Nbd2 O-O 5. e4 d5 6. a3 Be7 7. e5 Nfd7 8. Bd3
c5 9. cxd5 exd5 10. O-O Nc6 11. Re1 a5 12. Nf1 cxd4 13. Bc2 Re8 14. Qd3 g6 15.
e6 fxe6 16. Rxe6 Nf6 17. Re1 Bf5 18. Qd1 Bxc2 19. Qxc2 Ne4 20. N1d2 Bf6 21.
Nxe4 dxe4 22. Rxe4 Qd5 23. Rxe8+ Rxe8 24. Qd3 Qf5 25. Qxf5 gxf5 26. Bd2 d3 27.
a4 Re2 28. Bc3 Bxc3 29. bxc3 Rc2 30. Kf1 Rxc3 31. Ke1 Nb4 32. Kd1 Rc2 33. Nd2
Na2 34. f3 Kf7 35. Ke1 Ke6 36. Rb1 Nb4 37. g4 fxg4 38. fxg4 Ke5 39. Rb3 Kf4 40.
g5 Kxg5 41. Rc3 Rxc3 42. Ne4+ Kf4 43. Nxc3 Ke3 44. Nd1+ Kd4 45. Kd2 Na6 46. Nc3
Nc5 47. Nb5+ Kc4 48. h4 Kb4 49. h5 Kxa4 50. Nc3+ Kb3 51. h6 a4 0-1

[Event "80th ch-2013"]
[Site "Joao Pessoa BRA"]
[Date "2013.12.15"]
[Round "4.5"]
[White "Umetsubo, C."]
[Black "Molina, Rob"]
[Result "1-0"]
[WhiteElo "2279"]
[BlackElo "2424"]
[PlyCount "79"]
[EventDate "2013.12.13"]
[EventType "tourn"]
[EventRounds "11"]
[EventCountry "BRA"]
[EventCategory "7"]

1. d4 d5 2. Nf3 Nf6 3. Bf4 c5 4. e3 Nc6 5. Be2 e6 6. O-O Bd6 7. dxc5 Bxc5 8. c4
O-O 9. Nc3 dxc4 10. Bxc4 a6 11. Rc1 b5 12. Bd3 Nb4 13. Bb1 Be7 14. e4 Bb7 15.
Qe2 Qb6 16. Be3 Qa5 17. Nd4 Rfc8 18. Nb3 Qd8 19. Rfd1 Nd7 20. Rd2 Nc6 21. Rcd1
Ncb8 22. Bf4 Qb6 23. Rxd7 Nxd7 24. Rxd7 Bf8 25. e5 g6 26. Be4 Bxe4 27. Nxe4 Bg7
28. h3 Qc6 29. Nbc5 b4 30. Qf3 Kh8 31. Bh6 Rf8 32. Bxg7+ Kxg7 33. Qf6+ Kg8 34.
Qh4 h5 35. Nf6+ Kg7 36. Nxh5+ gxh5 37. Qg5+ Kh7 38. Qxh5+ Kg7 39. Qg5+ Kh7 40.
Rd4 1-0

[Event "80th ch-2013"]
[Site "Joao Pessoa BRA"]
[Date "2013.12.15"]
[Round "4.6"]
[White "Jatoba de Oliveira Reis, P."]
[Black "Di Berardino, D."]
[Result "0-1"]
[WhiteElo "2394"]
[BlackElo "2494"]
[PlyCount "92"]
[EventDate "2013.12.13"]
[EventType "tourn"]
[EventRounds "11"]
[EventCountry "BRA"]
[EventCategory "7"]

1. c4 b6 2. Nc3 Bb7 3. e4 e5 4. g3 f5 5. Bg2 Nf6 6. d3 Bc5 7. Nge2 O-O 8. O-O
fxe4 9. Bg5 Nc6 10. Nxe4 Be7 11. Nxf6+ Bxf6 12. Bxf6 Qxf6 13. Qd2 Nd8 14. Bxb7
Nxb7 15. f4 Nd6 16. Qc3 Rfe8 17. Rae1 e4 18. d4 c6 19. b3 Nf5 20. c5 b5 21. Qd2
Qf7 22. Nc3 e3 23. Qd3 b4 24. Nd1 e2 25. Rxe2 Rxe2 26. Qxe2 Re8 27. Qd2 Qd5 28.
Qxb4 Re2 29. Rf2 Nxd4 30. Rxe2 Nxe2+ 31. Kf2 Nc1 32. Qb8+ Kf7 33. Ne3 Qd2+ 34.
Kf3 Qe2+ 35. Ke4 Qd3+ 36. Kf3 Qe2+ 37. Ke4 Nd3 38. f5 Nf2+ 39. Kf4 Nd3+ 40. Ke4
Nf2+ 41. Kf4 Nh3+ 42. Ke4 Ng5+ 43. Kf4 h6 44. Qxa7 Qf3+ 45. Ke5 Qxe3+ 46. Kd6
Qe7+ 0-1

[Event "80th ch-2013"]
[Site "Joao Pessoa BRA"]
[Date "2013.12.16"]
[Round "5.2"]
[White "Molina, Rob"]
[Black "Jatoba de Oliveira Reis, P."]
[Result "1-0"]
[WhiteElo "2424"]
[BlackElo "2394"]
[PlyCount "79"]
[EventDate "2013.12.13"]
[EventType "tourn"]
[EventRounds "11"]
[EventCountry "BRA"]
[EventCategory "7"]

1. e4 e6 2. d4 d5 3. Nd2 Nf6 4. e5 Nfd7 5. Bd3 c5 6. c3 Nc6 7. Ngf3 cxd4 8.
cxd4 f6 9. exf6 Nxf6 10. O-O Bd6 11. b3 O-O 12. Bb2 Qb6 13. Ne5 Bd7 14. Ndf3
Rae8 15. Qe2 Nb4 16. Nxd7 Nxd7 17. Bb5 Nc6 18. Rad1 a6 19. Bd3 Qd8 20. Ne5 Qc7
21. f4 Ndxe5 22. dxe5 Bc5+ 23. Kh1 g6 24. Rc1 Qb6 25. g3 Ne7 26. Bc3 Nf5 27.
Bd2 Rc8 28. g4 Nd4 29. Qg2 Ba3 30. Rxc8 Rxc8 31. f5 Nc6 32. fxg6 hxg6 33. Bf4
Qd4 34. Bxg6 Nxe5 35. Bb1 Rf8 36. Qc2 Rf7 37. Qc8+ Bf8 38. Qxe6 Nd3 39. Qxf7+
Kxf7 40. Be3+ 1-0

[Event "80th ch-2013"]
[Site "Joao Pessoa BRA"]
[Date "2013.12.16"]
[Round "5.3"]
[White "Mekhitarian, K."]
[Black "Umetsubo, C."]
[Result "1-0"]
[WhiteElo "2566"]
[BlackElo "2279"]
[PlyCount "141"]
[EventDate "2013.12.13"]
[EventType "tourn"]
[EventRounds "11"]
[EventCountry "BRA"]
[EventCategory "7"]

1. c4 e6 2. Nc3 d5 3. d4 c5 4. cxd5 exd5 5. Nf3 Nc6 6. g3 Nf6 7. Bg2 Be7 8. O-O
O-O 9. dxc5 Bxc5 10. a3 Re8 11. b4 Bb6 12. Bb2 Bg4 13. Rc1 Qe7 14. h3 Bf5 15.
Nxd5 Nxd5 16. Qxd5 Be4 17. Qb3 Qd6 18. Ng5 Bg6 19. e3 Ne5 20. Rfd1 Nd3 21. Nxf7
Nxc1 22. Nxd6+ Nxb3 23. Nxe8 Rxe8 24. Bd5+ Bf7 25. Bxf7+ Kxf7 26. Rd3 Rd8 27.
Rxb3 Rd1+ 28. Kg2 Rb1 29. Kf3 Ke8 30. Ke4 Bd8 31. Kd3 Bf6 32. Kc2 Rf1 33. Bxf6
Rxf2+ 34. Kd3 Rxf6 35. Rc3 Kd7 36. Rc5 Rf3 37. Rg5 g6 38. h4 Ke6 39. Ke4 Rf7
40. Re5+ Kd6 41. g4 Rc7 42. Rd5+ Ke6 43. Re5+ Kd6 44. Rd5+ Ke6 45. Rc5 Rf7 46.
h5 gxh5 47. Rxh5 Rg7 48. Rh6+ Kf7 49. Kf5 Kg8 50. e4 Rc7 51. Rd6 Kf7 52. e5 Ke7
53. Rh6 Kf8 54. Kf6 b6 55. Rh3 a5 56. bxa5 bxa5 57. Rb3 Rf7+ 58. Ke6 a4 59. Rb4
Ra7 60. Rb6 Rc7 61. Ra6 Rc4 62. g5 Rf4 63. Ra7 Kg8 64. Kd6 Rd4+ 65. Ke7 Rg4 66.
e6 Rxg5 67. Kd6 Rg6 68. Kd7 Rg7+ 69. e7 h5 70. Ra8+ Kh7 71. Ke6 1-0